000 00809nam2a22002411 4500
001 RU\NLR\INFOCOMM\1000042587
005 20250617161406.0
035 _a(NLR Aleph) 002768534
090 _a2297253
_c2297253
100 _a20040225d2002 |||y0rusy50 ca
101 0 _arus
102 _aRU
105 _ay |||||||||
200 0 _a2002
210 _d2002
_aБ. м.
461 0 _1001RU\NLR\INFOCOMM\1000042581
_12001#$aГомеопатический ежегодник$fМоск. гомеопат. центр$v2002
_92297221
_cМ.
_d1997-
_fМоск. гомеопат. центр
_nВаланг
_tГомеопатический ежегодник
_v2002
801 1 _aRU
_bInfoComm
_c20040225
801 0 _aRU
_bNLR
_gPSBO
852 _aNLR
_jП17/554
942 _cISSUE
980 _aNB
980 _aRUSPER